| 000 | 00000nam##2200000za#4500 |
| 001 | 9.570552 |
| 003 | CaOODSP |
| 005 | 20210624182308 |
| 007 | cr ||||||||||| |
| 008 | 150406|2005||||xxc|||||o f|0| 0 eng|d |
| 022 | |a1919-5087 |
| 040 | |aCaOODSP|beng |
| 043 | |an-cn--- |
| 086 | 1 |aFs70-6/2005-046E-PDF |
| 110 | 1 |aCanada. |bDepartment of Fisheries and Oceans. |bMaritimes Region. |
| 245 | 10|a2004 state of the ocean - chemical and biological oceanographic conditions in the Gulf of Maine-Bay of Fundy, Scotian Shelf and the southern Gulf of St. Lawrence |h[electronic resource] |
| 246 | 1 |aMaritimes/Gulf regions - chemical and biological conditions |
| 260 | |aDartmouth - Nova Scotia : |bFisheries and Oceans Canada. |cNovember 2005. |
| 300 | |a15p.|bcoloured maps, figs. (some coloured), graphs, illus., references |
| 490 | 1 |aCanadian Science Advisory Secretariat science advisory report |x1919-5087|v2005/046, Maritimes/Gulf Regions |
| 590 | |a11-13-Supp|b2011-08-04 |
| 775 | 08|tÉtat de l'océan en 2004 : conditions chimiques et biologiques dans le golfe du Maine, dans la baie de Fundy, sur le plateau Néo-Écossais et dans le sud du golfe du Saint-Laurent |w(CaOODSP)9.601200 |
| 830 | #0|aScience advisory report (Canadian Science Advisory Secretariat)|x1919-5087|v2005/046, Maritimes/Gulf Regions|w(CaOODSP)9.506226 |
| 856 | 40|ahttp://publications.gc.ca|qPDF|s1.14 MB|uhttps://publications.gc.ca/collections/collection_2011/mpo-dfo/Fs70-6-2005-046-eng.pdf|y2005/046, Maritimes/Gulf Regions |